000 00546nam a2200193 i 4500
001 50831
003 ES-MaACL
005 20240608062959.0
007 t|
008 030807s1970 sp ||||1| spa d
080 _a75 Bornoy, Pepe
100 1 _aBornoy, Pepe,
_d1942-
_930526
245 1 0 _aBornoy /
_cescriben, Manuel Alcántara [y otros].
260 _aMálaga :
_b[s.n.],
_c1970.
300 _a80 p., 9 lám. ;
_c21 cm.
700 1 _aAlcántara, Manuel.
_919497
852 _aES-MaACL
_jC-46380
_bR.75136
999 _c50831
_d50831